| 000 | 00541nam a22001937a 4500 | ||
|---|---|---|---|
| 005 | 20251108170527.0 | ||
| 008 | 250721s2000 xx 000 0 ara d | ||
| 082 | 1 | 4 | _a801.952/فرح |
| 100 | 1 | _aفرج، مجدي | |
| 245 | 1 | 0 | _aتأملات نقدية في المسرح المعاصر / |
| 264 | 1 |
_aعمان : _bأمانة عمان، _c2000. |
|
| 300 | _a127ص. | ||
| 650 | 1 | 7 | _aالمسرحيات العربية |
| 650 | 1 | 7 | _aالمسرح |
| 650 | 1 | 7 | _aالنقد |
| 650 | 1 | 7 | _aالدراما |
| 942 |
_2ddc _cBK |
||
| 999 |
_c42698 _d42698 |
||